000 00434nam a2200145 a 4500
001 000042656
005 20201002040314.0
008 140204s1980 mx 000 0 spa d
040 _aDO-SdBNP
_bspa
_cBNPHU
082 _axxxxxx
_bxxxxxx
100 1 _aVasconcelos, José
_911189
245 1 0 _aBreve Historia de México /
_cJosé Vasconcelos.
260 _aMéxico, :
_bCompañia editorial continental,
_c1980.
300 _a560 p. ;
_c23 cm.
999 _c42145
_d42145